"L" Capitals - World Map Sudden Death - Statistics

General Stats
  • This quiz has been taken 234 times
  • The average score is 4 of 6
Answers on the Grid
Answers color-coded by a green-red scale on the quiz's grid according to % correct below.
 
Answer Stats
Answer % Correct
Lisbon, Ljubljana, Luxembourg
87%
Lima, La Paz
80%
Libreville, Lomé
72%
London
70%
Luanda, Lusaka
65%
Lilongwe
46%
No matching quizzes found
Score Distribution
Percent of People with Each Score
Percentile by Number Answered
Your Score History
You have not taken this quiz